Hitotsubashi journal of commerce and management

Guardado en:
Detalles Bibliográficos
Formato: Seriadas
Lenguaje:inglés
Publicado: Tokyo Hitotsubashi University 1988
Etiquetas: Agregar Etiqueta
Sin Etiquetas, Sea el primero en etiquetar este registro!

MARC

LEADER 00000nas2a2200000 4500
001 s033174
005 20250730114143.7
041 0 |a eng 
044 |a JP 
245 1 0 |a Hitotsubashi journal of commerce and management 
264 1 |a Tokyo  |b Hitotsubashi University  |c 1988 
300 |a 1 zv. 
773 0 |w eu_un_cat*s120197